Beyond dialogue. (Record no. 28568)
[ view plain ]
| 000 -LEADER | |
|---|---|
| fixed length control field | 00653cam8a220018100 4500 |
| 001 - CONTROL NUMBER | |
| control field | zam00009952 |
| 008 - FIXED-LENGTH DATA ELEMENTS--GENERAL INFORMATION | |
| fixed length control field | 970717n xx eng u |
| 035 ## - SYSTEM CONTROL NUMBER | |
| System control number | (Sirsi) r139952 |
| 040 ## - CATALOGING SOURCE | |
| Modifying agency | UPRA |
| 100 ## - MAIN ENTRY--PERSONAL NAME | |
| Personal name | Corea, Ernest. |
| Linkage | A105105.1 |
| 245 10 - TITLE STATEMENT | |
| Title | Beyond dialogue. |
| 260 ## - PUBLICATION, DISTRIBUTION, ETC. | |
| Place of publication, distribution, etc. | Ottawa : |
| Name of publisher, distributor, etc. | Balmuir Book Pub. Ltd. |
| 520 ## - SUMMARY, ETC. | |
| Summary, etc. | The author emphasises the need for North to South Cooperation in order to uplift the economies of the Third World. |
| 650 #4 - SUBJECT ADDED ENTRY--TOPICAL TERM | |
| Topical term or geographic name entry element | Economic Cooperation. |
| Linkage | S59596.2 |
| 650 #4 - SUBJECT ADDED ENTRY--TOPICAL TERM | |
| Topical term or geographic name entry element | Third World -- South to North dialogue. |
| General subdivision | Third World -- South to North dialogue. |
| Linkage | S76197.1 |
| 949 10 - LOCAL PROCESSING INFORMATION (OCLC) | |
| m | INESOR |
| t | BOOK |
| l | ON-SHELF |
No items available.